000 00522nam a22001697a 4500
003 OSt
005 20240627110747.0
008 240627b |||||||| |||| 00| 0 eng d
040 _aDDC
_cMUST
082 _a330 W89h 1993
_b19
100 _aWorld BANK
_96730
245 _aHuman Resources in Latin America and the Caribbean:
_bPriorities and Action/
_cWorld Bank.
260 _aAmerica:
_bWorld Bank,
_c1993.
300 _avi,153p.:
_bill,;
_c22.8cm.
650 _2Human resources
_aLatin America
_918202
942 _2ddc
_cO_SHELF
999 _c8976
_d8976